Les joueurs les plus utilisés par le FC Barcelone - Statistiques

Statistiques générales
  • Ce quiz a été pris 159 fois
  • Le résultat moyen est 6 sur 10
Statistiques - réponses
Joueurs % Correct
10. ter stegen
92%
4. lewandowski
90%
1. yamal
85%
3. kounde
74%
9. ferran torres
60%
2. gundogan
60%
5. cancelo
49%
7. christensen
45%
8. felix
43%
6. fermin lopez
31%
Aucun quiz correspondant
Distribution des résultats
% des personnes avec chaque résultat
Percentile par nombre de réponses
Votre historique - résultats
Vous n’avez pas pris ce quiz